000 00925nam a22001577a 4500
003 OSt
005 20151006100152.0
008 151006b xxu||||| |||| 00| 0 eng d
040 _cRUA
082 _aAVM CHI 2005 B075 Or.1
100 _92114
_aCHIN, SAOSEREYMONY.
245 _aEffect of utilization of swweet potato vine as supplementation on performance of growing pigs at the animal experimental station of royal university of agriculture (ឥទ្ធិពលនៃការប្រើប្រាស់ទងដំឡូងជ្វាស្រស់ជាចំណីបន្ថែមទៅលើការលូតលាស់របស់ជ្រូកសាច់នៅស្ថានីយ៏ពិសោធន៏សត្វ​នៃសាកលវិទ្យាល័យភូួមិន្ទកសិកម្ម)
260 _aPhnom Penh
_bRUA
_c2005
300 _aix,41p.
_bill.
_c29cm.
942 _2ddc
_cAVM
999 _c1989
_d1989